000 01426 a2200265 4500
001 5148473
003 UA-OsUOA
005 20260318160236.0
008 200228b pl ||||| |||| 00| 0 pol d
020 _a9788375689143
040 _aUA-OsUOA
_bpol
_cUA-OsUOA
_dUA-OsUOA
041 _apol
080 _a821.162.1
090 _a821.162.1
_bN60
100 _aNienacki Z.
_924532
245 _aKsięga strachów
_cZbigniew Nienacki
260 _bSiedmioróg
_c2012
_aWrocław
300 _a320 s.
490 _aPan Samochodzik
520 _aTytulowy bohater, pan Tomasz, tym razem poszukuje pamietnika niemieckiego oficera z czasów II wojny swiatowej. Po raz kolejny towarzysza mu trzej dzielni harcerze: Wiewiórka, Sokole Oko i Wilhelm Tell, a przeciwnicy jak zwykle sa okrutni i bezwzgledni. Kim oni sa? Komu jeszcze zalezy na odnalezieniu kompromitujacych wyznan zbrodniarza wojennego? I kto pierwszy odnajdzie kryjówke sprzed lat? Przygody Pana Samochodzika to od kilkudziesieciu lat obowiazkowa lektura mlodych wielbicieli sensacji. Juz miliony czytelników doskonale znaja dziwaczny samochód i jego wlasciciela - specjaliste od ratowania skarbów i rozwiazywania zagadek z przeszlosci.
650 _2UDC
_a821.162.1 Польська література
_91887
942 _cBK
_2udc
955 _a3
999 _c458291
_d458291